[Event "DEN-ch Seniors 65+"]
[Site "Logumkloster"]
[Date "2017.02.16"]
[Round "5"]
[White "Larsen, Alex"]
[Black "Hansen, Uwe"]
[Result "1/2-1/2"]
[WhiteElo "1459"]
[BlackElo "1412"]
[PlyCount "102"]
[EventDate "2017.02.12"]
[EventType "swiss"]
[EventRounds "7"]
[EventCountry "DEN"]
[SourceTitle "EXT 2018"]
[Source "ChessBase"]
[SourceDate "2017.10.13"]
[SourceVersion "1"]
[SourceVersionDate "2017.10.13"]
[SourceQuality "1"]

1. e4 e5 2. f4 Nc6 3. Nf3 d6 4. Bc4 Bg4 5. Bxf7+ Ke7 6. c3 Nh6 7. Qb3 Nxf7 8. 0-0 Qd7 9. fxe5 Nfxe5 10. Nxe5 Nxe5 11. d4 Be6 12. Bg5+ Ke8 13. Qxb7 Qc6 14. Qxc6+ Nxc6 15. d5 Bd7 16. dxc6 Bxc6 17. Nd2 h6 18. Bh4 g5 19. Bf2 Bg7 20. Rae1 a6 21. Bd4 Rg8 22. Bxg7 Rxg7 23. Rf6 h5 24. Ref1 Ke7 25. b3 Bd7 26. c4 Rh8 27. e5 Rhh7 28. exd6+ cxd6 29. a4 Rf7 30. Rxf7+ Rxf7 31. Rxf7+ Kxf7 32. Ne4 Ke7 33. Nxg5 Kf6 34. Ne4+ Ke5 35. Nd2 Kd4 36. Kf2 Kd3 37. Ke1 Kc3 38. Ne4+ Kxb3 39. Nxd6 Kb4 40. Kd2 Kc5 41. Nf7 Bxa4 42. Kc3 Bc6 43. g3 a5 44. Ne5 Be8 45. Nd3+ Kc6 46. Kb3 Kd6 47. h3 Bd7 48. g4 hxg4 49. hxg4 Bxg4 50. Ka4 Kc7 51. Kxa5 Be2 1/2-1/2

[Event "Logumkloster-chB"]
[Site "Logumkloster"]
[Date "2016.04.26"]
[Round "3"]
[White "Baagoe, Hans Chr"]
[Black "Hansen, Uwe"]
[Result "1-0"]
[WhiteElo "1504"]
[BlackElo "1308"]
[PlyCount "41"]
[EventDate "2016.04.12"]
[EventType "tourn"]
[EventRounds "5"]
[EventCountry "DEN"]
[SourceTitle "EXT 2023"]
[Source "ChessBase"]
[SourceDate "2022.10.05"]
[SourceVersion "1"]
[SourceVersionDate "2022.10.05"]
[SourceQuality "1"]

1. d4 c6 2. c4 e6 3. a3 Nf6 4. Nc3 Be7 5. Nf3 0-0 6. e4 d5 7. e5 Nfd7 8. cxd5 exd5 9. Bd3 f5 10. Qc2 Nb6 11. Ne2 g6 12. Bh6 Re8 13. 0-0 N8d7 14. Nf4 Nf8 15. Rae1 Ne6 16. Qc1 Ng5 17. Nxg5 Bxg5 18. Bxg5 Qxg5 19. Nxd5 Qxc1 20. Nf6+ Kg7 21. Nxe8+ 1-0

[Event "Logumkloster-chB"]
[Site "Logumkloster"]
[Date "2016.04.14"]
[Round "2"]
[White "Hansen, Uwe"]
[Black "Asmund, Erik"]
[Result "1/2-1/2"]
[WhiteElo "1308"]
[BlackElo "1594"]
[PlyCount "45"]
[EventDate "2016.04.12"]
[EventType "tourn"]
[EventRounds "5"]
[EventCountry "DEN"]
[SourceTitle "EXT 2023"]
[Source "ChessBase"]
[SourceDate "2022.10.05"]
[SourceVersion "1"]
[SourceVersionDate "2022.10.05"]
[SourceQuality "1"]

1. c3 e5 2. d4 exd4 3. cxd4 Bb4+ 4. Bd2 Bxd2+ 5. Nxd2 b6 6. e4 d6 7. Ngf3 Ne7 8. Qb3 h6 9. Bb5+ Bd7 10. 0-0 Bxb5 11. Qxb5+ Qd7 12. Qh5 Ng6 13. Rac1 Nf4 14. Qh4 Ne2+ 15. Kh1 Nxc1 16. Rxc1 0-0 17. Rc3 Nc6 18. g4 Ne7 19. g5 Ng6 20. Qh5 Nf4 21. Qh4 Ng6 22. Qh5 Nf4 23. Qh4 1/2-1/2

[Event "Logumkloster-chB"]
[Site "Logumkloster"]
[Date "2016.04.12"]
[Round "1"]
[White "Madsen, Nis H"]
[Black "Hansen, Uwe"]
[Result "1-0"]
[WhiteElo "1477"]
[BlackElo "1308"]
[PlyCount "93"]
[EventDate "2016.04.12"]
[EventType "tourn"]
[EventRounds "5"]
[EventCountry "DEN"]
[SourceTitle "EXT 2023"]
[Source "ChessBase"]
[SourceDate "2022.10.05"]
[SourceVersion "1"]
[SourceVersionDate "2022.10.05"]
[SourceQuality "1"]

1. e4 c6 2. d4 d5 3. e5 e6 4. Nf3 Be7 5. c4 Nd7 6. Nc3 Nb6 7. c5 Nd7 8. b4 b6 9. a4 bxc5 10. bxc5 a5 11. Rb1 f6 12. Nh4 g6 13. Bd3 f5 14. Nf3 Rb8 15. Be3 h5 16. Qd2 Rxb1+ 17. Bxb1 Ba6 18. Bd3 Bxd3 19. Qxd3 g5 20. h3 Kf7 21. Qd2 f4 22. Bxf4 gxf4 23. Qxf4+ Kg6 24. Ne2 Nh6 25. Qg3+ Kh7 26. Qf4 Rg8 27. 0-0 Bg5 28. Nxg5+ Qxg5 29. Qf3 Rb8 30. Ng3 h4 31. Qd3+ Nf5 32. Nxf5 Qxf5 33. Qa6 Rg8 34. Kh1 Qe4 35. f3 Qxd4 36. Qxc6 Nxc5 37. Rc1 Qd2 38. Rg1 Rg7 39. Qxc5 Qb4 40. Qc2+ Kh6 41. Rb1 Qd4 42. Rb8 Qxe5 43. Rh8+ Kg5 44. Qd2+ Qf4 45. Rh5+ Kxh5 46. Qxf4 Rg5 47. Qd4 1-0

[Event "Logumkloster-chB"]
[Site "Logumkloster"]
[Date "2015.05.12"]
[Round "5"]
[White "Jessen, Morten"]
[Black "Hansen, Uwe"]
[Result "1/2-1/2"]
[WhiteElo "1469"]
[BlackElo "1420"]
[PlyCount "132"]
[EventDate "2015.04.07"]
[EventType "tourn"]
[EventRounds "5"]
[EventCountry "DEN"]
[SourceTitle "EXT 2023"]
[Source "ChessBase"]
[SourceDate "2022.10.05"]
[SourceVersion "1"]
[SourceVersionDate "2022.10.05"]
[SourceQuality "1"]

1. d4 e6 2. c4 c6 3. Nc3 Nf6 4. g3 d6 5. Bg2 Nbd7 6. e4 Be7 7. Nf3 0-0 8. 0-0 Qc7 9. Re1 a6 10. a4 b6 11. Be3 Bb7 12. Rc1 c5 13. d5 Ng4 14. Bd2 Bf6 15. b3 Nge5 16. Qc2 Ng6 17. h3 Nde5 18. Nh2 Nd7 19. Ng4 Bd8 20. Ne2 Nde5 21. Nxe5 Nxe5 22. f4 Ng6 23. f5 exf5 24. exf5 Ne5 25. g4 Bh4 26. Rf1 Qd8 27. Nf4 g6 28. fxg6 hxg6 29. Be4 Bc8 30. Nxg6 Nxg6 31. Bxg6 Bf6 32. Bh7+ Kg7 33. Rxf6 Kxf6 34. Rf1+ Kg7 35. Bc3+ f6 36. Qg6+ Kh8 37. Bxf6+ Rxf6 38. Rxf6 Bxg4 39. hxg4 Qe7 40. Re6 Qh4 41. Kg2 Rf8 42. Re2 b5 43. Qh5 Qxh5 44. gxh5 Kxh7 45. Re6 bxa4 46. bxa4 Rf4 47. Rxd6 Rxc4 48. Rxa6 Rd4 49. d6 c4 50. Rc6 c3 51. Rxc3 Rxd6 52. Rc5 Kh6 53. a5 Rd2+ 54. Kf3 Ra2 55. Ke4 Re2+ 56. Kd5 Kxh5 57. Kc6+ Kg6 58. Rb5 Kf7 59. a6 Re6+ 60. Kb7 Re7+ 61. Ka8 Ke6 62. Rb6+ Kd5 63. Rb8 Kc6 64. a7 Rh7 65. Rf8 Kb6 66. Rb8+ Ka6 1/2-1/2

[Event "Logumkloster-chB"]
[Site "Logumkloster"]
[Date "2015.05.05"]
[Round "4"]
[White "Hansen, Uwe"]
[Black "Kallesen, Jesper"]
[Result "1-0"]
[WhiteElo "1420"]
[BlackElo "1519"]
[PlyCount "117"]
[EventDate "2015.04.07"]
[EventType "tourn"]
[EventRounds "5"]
[EventCountry "DEN"]
[SourceTitle "EXT 2023"]
[Source "ChessBase"]
[SourceDate "2022.10.05"]
[SourceVersion "1"]
[SourceVersionDate "2022.10.05"]
[SourceQuality "1"]

1. e4 e5 2. Nf3 Nc6 3. Bc4 d6 4. h3 Be7 5. Nc3 f5 6. d3 Na5 7. Bxg8 Rxg8 8. Nd5 f4 9. Bd2 Nc6 10. Qe2 Be6 11. c4 g5 12. 0-0-0 h5 13. Bc3 g4 14. Nd2 Bg5 15. f3 Qd7 16. Kb1 0-0-0 17. hxg4 hxg4 18. Rh2 g3 19. Rh5 Qf7 20. Rdh1 Bxd5 21. cxd5 Ne7 22. Qd1 c6 23. Qa4 Kb8 24. Rh7 Rg7 25. Rh8 Rgg8 26. Rxg8 Rxg8 27. Nc4 Rd8 28. Qb4 Qg6 29. Na5 b6 30. dxc6 Rc8 31. Qb3 Nxc6 32. Nxc6+ Rxc6 33. Qd5 Qe8 34. Rh7 Qc8 35. Rg7 Bd8 36. Rg8 Kc7 37. Bb4 Qd7 38. Rf8 Be7 39. Rf7 a5 40. Bc3 Rc5 41. Qb3 a4 42. Qb4 Rb5 43. Qc4+ Rc5 44. Qa6 Rb5 45. Rxe7 Rxb2+ 46. Bxb2 Qxe7 47. Qa7+ Kd8 48. Qxb6+ Ke8 49. Qb5+ Kf8 50. Qxa4 Qc7 51. Qc4 Qa7 52. Qc8+ Ke7 53. Qc2 Qg1+ 54. Bc1 Qb6+ 55. Ka1 Qd4+ 56. Qb2 Qxd3 57. Qb7+ Ke6 58. Qd5+ Ke7 59. Qxd3 1-0

[Event "Sonderjysk EMT B"]
[Site "Sonderborg"]
[Date "2012.03.13"]
[Round "6"]
[White "Kallesen, Jesper"]
[Black "Hansen, Uwe"]
[Result "1-0"]
[WhiteElo "1472"]
[BlackElo "1641"]
[PlyCount "59"]
[EventDate "2012.01.17"]
[EventType "tourn"]
[EventRounds "7"]
[EventCountry "DEN"]
[SourceTitle "EXT 2023"]
[Source "ChessBase"]
[SourceDate "2022.10.05"]
[SourceVersion "1"]
[SourceVersionDate "2022.10.05"]
[SourceQuality "1"]

1. e4 e5 2. Bc4 Bc5 3. Nf3 d6 4. d3 h6 5. a3 Bg4 6. Nbd2 Nf6 7. c3 Nc6 8. b4 Bb6 9. Qb3 0-0 10. Bb2 a5 11. a4 axb4 12. cxb4 Ne7 13. 0-0 Ng6 14. h3 Bd7 15. d4 exd4 16. Bxd4 Bxd4 17. Nxd4 Qe8 18. Qg3 Nxe4 19. Nxe4 Qxe4 20. Rfd1 Rxa4 21. Rxa4 Bxa4 22. Rd3 Qe1+ 23. Kh2 Ne5 24. Nf5 Ng6 25. Qxg6 Qe5+ 26. Rg3 Bc2 27. Nxh6+ Kh8 28. Nxf7+ Rxf7 29. Qxf7 c6 30. Qg8# 1-0

[Event "Sonderjysk EMT B"]
[Site "Sonderborg"]
[Date "2012.03.06"]
[Round "5"]
[White "Hansen, Uwe"]
[Black "Jansson, Sten Olof"]
[Result "0-1"]
[WhiteElo "1641"]
[BlackElo "1645"]
[PlyCount "64"]
[EventDate "2012.01.17"]
[EventType "tourn"]
[EventRounds "7"]
[EventCountry "DEN"]
[SourceTitle "EXT 2023"]
[Source "ChessBase"]
[SourceDate "2022.10.05"]
[SourceVersion "1"]
[SourceVersionDate "2022.10.05"]
[SourceQuality "1"]

1. e4 c5 2. Bc4 e6 3. Nc3 a6 4. Nf3 b5 5. Be2 Bb7 6. d3 d5 7. exd5 exd5 8. 0-0 Be7 9. a3 Nf6 10. Bf4 Nbd7 11. d4 cxd4 12. Nxd4 0-0 13. Nf5 Bc5 14. b4 Ba7 15. Bf3 Nb6 16. Re1 Rc8 17. Ne7+ Kh8 18. Nxc8 Qxc8 19. Be5 Rd8 20. Qd4 Qc6 21. Bxf6 gxf6 22. Re7 Nc8 23. Bxd5 Rxd5 24. Qxd5 Nxe7 25. Qd8+ Ng8 26. Nd5 Qxd5 27. Qxd5 Bxd5 28. Rd1 Be4 29. Rd7 Bb8 30. c3 Kg7 31. f3 Bc6 32. Kf2 Bxd7 0-1

[Event "Sonderjysk EMT B"]
[Site "Sonderborg"]
[Date "2012.02.21"]
[Round "4"]
[White "Posselt, Karl"]
[Black "Hansen, Uwe"]
[Result "1-0"]
[WhiteElo "1584"]
[BlackElo "1641"]
[PlyCount "121"]
[EventDate "2012.01.17"]
[EventType "tourn"]
[EventRounds "7"]
[EventCountry "DEN"]
[SourceTitle "EXT 2023"]
[Source "ChessBase"]
[SourceDate "2022.10.05"]
[SourceVersion "1"]
[SourceVersionDate "2022.10.05"]
[SourceQuality "1"]

1. f4 e6 2. Nf3 d5 3. d4 Nc6 4. e3 Nf6 5. c3 Be7 6. Bd3 a6 7. 0-0 0-0 8. Qc2 h6 9. Bd2 Nd7 10. Be1 f5 11. Nbd2 Nf6 12. Ne5 Nxe5 13. fxe5 Nd7 14. Qd1 Qe8 15. Rf3 Bg5 16. h4 Be7 17. Be2 Kh7 18. Nf1 Rf7 19. Rh3 Nf8 20. Nh2 Bd7 21. Nf3 Bb5 22. Ng5+ hxg5 23. hxg5+ Kg8 24. Bxb5 axb5 25. Qh5 Rf6 26. Qh8+ Kf7 27. gxf6 gxf6 28. Rg3 Ng6 29. Qh7+ Kf8 30. Rxg6 Qf7 31. Qh6+ Ke8 32. exf6 Bf8 33. Qg5 Kd7 34. Bg3 Kc6 35. Kf2 Rd8 36. Rh1 Rd7 37. Rh8 b4 38. Rxf8 Qxf8 39. Rg7 bxc3 40. Rxd7 cxb2 41. Rxc7+ Kb6 42. Qg7 Qa8 43. Rc5 Qxa2 44. Qc7+ Ka6 45. Rc2 b1Q 46. Rxa2+ Qxa2+ 47. Kf3 Qd2 48. Qd6+ b6 49. Qa3+ Kb7 50. Qb3 Qc1 51. f7 f4 52. Bxf4 Qf1+ 53. Kg3 Qe1+ 54. Kg4 Qe2+ 55. Kg5 Qxg2+ 56. Kf6 Qg4 57. Ke7 Qh4+ 58. Ke8 Qh5 59. Qb4 Qh8+ 60. f8Q Qh5+ 61. Qf7+ 1-0

[Event "Vojens Sonderjysk C"]
[Site "Vojens"]
[Date "2011.06.06"]
[Round "6"]
[White "Jorgensen, Ken Gejl"]
[Black "Hansen, Uwe"]
[Result "0-1"]
[WhiteElo "1390"]
[BlackElo "1392"]
[PlyCount "92"]
[EventDate "2011.05.02"]
[EventType "swiss"]
[EventRounds "7"]
[EventCountry "DEN"]
[SourceTitle "EXT 2023"]
[Source "ChessBase"]
[SourceDate "2022.10.05"]
[SourceVersion "1"]
[SourceVersionDate "2022.10.05"]
[SourceQuality "1"]

1. e4 e5 2. Nf3 Nc6 3. d4 exd4 4. Bc4 Qf6 5. Ng5 Nh6 6. c3 Bc5 7. 0-0 d6 8. Qh5 Ne5 9. Qd1 Nxc4 10. b3 Ne5 11. b4 Bb6 12. cxd4 Nc6 13. d5 Nxb4 14. Qa4+ Bd7 15. Qxb4 Qxa1 16. Bb2 Qxa2 17. Bxg7 Rg8 18. Bxh6 Rg6 19. Nc3 Qa5 20. Qb2 Rxh6 21. Nb5 f6 22. Nxc7+ Bxc7 23. Nxh7 Qb6 24. Nxf6+ Kf7 25. Qxb6 Bxb6 26. Nxd7 Bc7 27. Rb1 Ke7 28. Rxb7 Kxd7 29. f4 a5 30. g4 Rhh8 31. g5 Rab8 32. Rxb8 Rxb8 33. g6 Ke7 34. Kg2 Kf6 35. f5 a4 36. h4 a3 37. h5 a2 38. Kf3 a1Q 39. h6 Qc3+ 40. Kg4 Qe3 41. e5+ Qxe5 42. g7 Qxf5+ 43. Kg3 Rb3+ 44. Kg2 Qf3+ 45. Kg1 Bb6+ 46. Kh2 Qg3+ 0-1

[Event "Vojens Sonderjysk C"]
[Site "Vojens"]
[Date "2011.05.23"]
[Round "5"]
[White "Bertelsen, Jorn"]
[Black "Hansen, Uwe"]
[Result "1/2-1/2"]
[WhiteElo "1474"]
[BlackElo "1392"]
[PlyCount "92"]
[EventDate "2011.05.02"]
[EventType "swiss"]
[EventRounds "7"]
[EventCountry "DEN"]
[SourceTitle "EXT 2023"]
[Source "ChessBase"]
[SourceDate "2022.10.05"]
[SourceVersion "1"]
[SourceVersionDate "2022.10.05"]
[SourceQuality "1"]

1. c4 e5 2. Nc3 Nf6 3. g3 c6 4. Bg2 Bc5 5. e3 0-0 6. Nge2 d5 7. d4 exd4 8. exd4 Bb4 9. c5 Bg4 10. 0-0 Re8 11. Be3 Qc8 12. Qb3 Bxc3 13. Nxc3 Bh3 14. Ne2 Bxg2 15. Kxg2 h5 16. Qd3 h4 17. Bg5 h3+ 18. Kg1 Ne4 19. Bf4 Nd7 20. Nc3 Ndf6 21. Rae1 Nxc3 22. Qxc3 Ne4 23. Qd3 Re6 24. f3 Nf6 25. Kf2 Nh5 26. Bd6 Qd7 27. Rxe6 Qxe6 28. Re1 Qh6 29. Qe3 Qg6 30. Be5 Re8 31. Qd2 f6 32. Bd6 Rxe1 33. Kxe1 Qb1+ 34. Kf2 f5 35. a3 Qh1 36. Ke3 Qg1+ 37. Qf2 Qc1+ 38. Qd2 Qc4 39. Qd3 Qc1+ 40. Qd2 Qb1 41. Qe2 g5 42. Kf2 Ng7 43. f4 g4 44. Bc7 Qh1 45. Ke3 Ne6 46. Kd2 Qe4 1/2-1/2

[Event "Logumkloster-chC"]
[Site "Logumkloster"]
[Date "2011.04.26"]
[Round "3"]
[White "Pedersen, Michael"]
[Black "Hansen, Uwe"]
[Result "0-1"]
[WhiteElo "1199"]
[BlackElo "1392"]
[PlyCount "94"]
[EventDate "2011.04.05"]
[EventType "swiss"]
[EventRounds "5"]
[EventCountry "DEN"]
[SourceTitle "EXT 2023"]
[Source "ChessBase"]
[SourceDate "2022.10.05"]
[SourceVersion "1"]
[SourceVersionDate "2022.10.05"]
[SourceQuality "1"]

1. e4 e5 2. Nf3 Nc6 3. d4 Qf6 4. Bg5 Qg6 5. d5 Qxe4+ 6. Be2 Nd4 7. Nxd4 Qxd4 8. Qxd4 exd4 9. 0-0 h6 10. Bf4 d6 11. Re1 Be7 12. Bd3 Nf6 13. Bc4 Bf5 14. c3 dxc3 15. bxc3 a6 16. Nd2 Kd7 17. a4 Nh5 18. Be3 g5 19. Bd4 Bf6 20. Bxf6 Nxf6 21. Nf3 Be4 22. Nd4 Bxd5 23. Bxd5 Nxd5 24. c4 Ne7 25. Re3 Rae8 26. Rd1 Nc6 27. Red3 Nxd4 28. Rxd4 Re5 29. f4 Ra5 30. fxg5 hxg5 31. Rf1 f5 32. Rd5 Rxd5 33. cxd5 Rf8 34. Rb1 b6 35. Rc1 Re8 36. h3 Re4 37. a5 bxa5 38. Rc6 Rd4 39. Rxa6 Rxd5 40. Ra8 Rb5 41. Rf8 a4 42. Rg8 f4 43. Kf2 Ra5 44. Kf3 a3 45. Kg4 a2 46. Rxg5 Rxg5+ 47. Kxg5 a1Q 0-1

[Event "Logumkloster-ch Basis 2"]
[Site "Logumkloster"]
[Date "2008.05.13"]
[Round "5"]
[White "Asmund, Erik"]
[Black "Hansen, Uwe"]
[Result "1-0"]
[WhiteElo "1631"]
[BlackElo "1573"]
[PlyCount "165"]
[EventDate "2008.04.15"]
[EventType "tourn"]
[EventRounds "5"]
[EventCountry "DEN"]
[SourceTitle "EXT 2023"]
[Source "ChessBase"]
[SourceDate "2022.10.05"]
[SourceVersion "1"]
[SourceVersionDate "2022.10.05"]
[SourceQuality "1"]

1. e4 e5 2. Bc4 Bc5 3. Nf3 d6 4. h3 Be6 5. Bxe6 fxe6 6. d3 Nf6 7. Be3 Bxe3 8. fxe3 Nh5 9. 0-0 0-0 10. Qe1 Nd7 11. Nbd2 c6 12. b3 a5 13. Kh2 Qe7 14. g4 Nhf6 15. Qh4 b5 16. g5 Ne8 17. g6 Qxh4 18. Nxh4 h6 19. Rxf8+ Nxf8 20. Nf1 Nf6 21. Ng3 d5 22. Rd1 Rd8 23. Rg1 N8d7 24. Nf3 Rf8 25. Kg2 Ne8 26. Rf1 Nef6 27. a3 Ne8 28. d4 Rf6 29. Nxe5 Nxe5 30. Rxf6 gxf6 31. dxe5 fxe5 32. exd5 cxd5 33. h4 Nf6 34. h5 Nd7 35. Kf3 Kg7 36. Ne2 Nf6 37. Ng3 Nd7 38. Ne2 Kf6 39. Kg4 b4 40. axb4 axb4 41. c3 bxc3 42. Nxc3 d4 43. Ne4+ Ke7 44. exd4 exd4 45. Kf3 e5 46. b4 Nb6 47. Nd6 Nd7 48. Nf5+ Kf6 49. Nxh6 Kg5 50. g7 e4+ 51. Ke2 d3+ 52. Ke1 Nf6 53. g8Q+ Nxg8 54. Nxg8 e3 55. h6 Kg6 56. Ne7+ Kxh6 57. Nf5+ Kg6 58. Nxe3 Kf6 59. b5 Ke6 60. b6 Kd6 61. Nc4+ Kc6 62. Kd2 Kb7 63. Kxd3 Kc6 64. Kd4 Kb7 65. Kc5 Kc8 66. Na5 Kb8 67. Kc6 Ka8 68. Kb5 Kb8 69. Ka6 Ka8 70. b7+ Kb8 71. Nc6+ Kc7 72. b8Q+ Kxc6 73. Qd8 Kc5 74. Qd7 Kc4 75. Ka5 Kc5 76. Qb5+ Kd6 77. Kb6 Ke6 78. Kc6 Kf6 79. Kd6 Kf7 80. Qd5+ Kg6 81. Ke6 Kh7 82. Qg5 Kh8 83. Kf7 1-0

[Event "Logumkloster-ch Basis 2"]
[Site "Logumkloster"]
[Date "2008.04.22"]
[Round "2"]
[White "Hansen, Uwe"]
[Black "Ambog, Ejvind Osterby"]
[Result "1/2-1/2"]
[WhiteElo "1573"]
[BlackElo "1674"]
[PlyCount "21"]
[EventDate "2008.04.15"]
[EventType "tourn"]
[EventRounds "5"]
[EventCountry "DEN"]
[SourceTitle "EXT 2023"]
[Source "ChessBase"]
[SourceDate "2022.10.05"]
[SourceVersion "1"]
[SourceVersionDate "2022.10.05"]
[SourceQuality "1"]

1. e4 e5 2. Nf3 Nc6 3. Bc4 Nf6 4. d3 d6 5. h3 Be7 6. c3 Na5 7. Qa4+ c6 8. Ng5 0-0 9. Bxf7+ Rxf7 10. Nxf7 Kxf7 11. b4 1/2-1/2